Countries with Highest Rates of Divorce - Statistics

General Stats
  • This quiz has been taken 166 times
  • The average score is 17 of 25
Answer Stats
# Ratio Answer % Correct
19 44.62 United States of America
99%
7 54.29 France
92%
3 56.76 Spain
91%
21 44.44 Sweden
87%
14 47.73 Canada
86%
5 55.56 Finland
85%
16 47.06 Italy
85%
10 52.17 Russia
84%
23 43.48 Australia
82%
9 52.63 Netherlands
80%
1 70.97 Portugal
80%
8 53.85 Belgium
79%
5 55.56 Denmark
79%
21 44.44 China
78%
11 50.0 Estonia
66%
11 50.0 Czechia
65%
17 46.97 Latvia
64%
18 46.81 South Korea
64%
2 65.63 Luxembourg
61%
20 44.57 Belarus
48%
4 55.77 Cuba
40%
13 48.0 Liechtenstein
37%
24 42.47 Moldova
30%
15 47.17 Costa Rica
15%
25 42.31 Kuwait
3%
No matching quizzes found
Score Distribution
Percent of People with Each Score
Percentile by Number Answered
Your Score History
You have not taken this quiz